In-N-Out Burger Locations Quiz - Statistics

General Stats
  • This quiz has been taken 336 times
    5 since last reset
  • The average score is 8 of 10
Answer Stats
# State % Correct
39 Arizona
100%
288 California
100%
13 Colorado
100%
43 Texas
100%
3 Idaho
75%
23 Nevada
75%
4 Oregon
75%
2 Washington
75%
4 Tennessee
25%
14 Utah
25%
No matching quizzes found
Score Distribution
Percent of People with Each Score
Percentile by Number Answered
Your Score History
You have not taken this quiz since the last reset